Are They Real? - Sudden Death - Statistics

General Stats
  • This quiz has been taken 75 times
  • The average score is 8 of 16
Answers on the Grid
Answers color-coded by a green-red scale on the quiz's grid according to % correct below.
Hobbiton
Lapland
Gotham City
Ohio
Taumata­whakatangihanga­koauau­o­tamatea­turi­pukaka­piki­maunga­horo­nuku­pokai­whenua­ki­tana­tahu
Mount Crumpit
Kumari Kandam
Atlantis
Sardinia
Hogwarts
Bouvet Island
Falkland Islands
Mu
Deutschland
Mount Athos
Holy See
Peter Griffin Island
Karachay-Cherkess
Wonderland
Vayunlandia
Pee Pee Island
Chihuahua
Disappointment Island
Narnia
Madagascar
Verdinia
Lemuria
Hyperborea
Fugging
Bikini Bottom
 
Answer Stats
Answer % Correct
Ohio
91%
Madagascar
82%
Falkland Islands
80%
Deutschland
75%
Chihuahua
65%
Lapland
65%
Sardinia
65%
Taumata­whakatangihanga­koauau­o­tamatea­turi­pukaka­piki­maunga­horo­nuku­pokai­whenua­ki­tana­tahu
60%
Holy See
51%
Bouvet Island
40%
Disappointment Island
33%
Mount Athos
31%
Fugging
27%
Pee Pee Island
25%
Karachay-Cherkess
13%
Hobbiton
11%
No matching quizzes found
Score Distribution
Percent of People with Each Score
Percentile by Number Answered
Your Score History
You have not taken this quiz